Stolice regionów statystycznych Słowenii - Statystyki

Ogólne statystyki
  • Ten quiz został rozwiązany 12 razy
  • Średni wynik to 4 z 12
Statystyki odpowiedzi
region stolica % Poprawnych
Słowenia Środkowa Lublana
100%
Drawa Maribor
100%
Górna Kraina Kranj
71%
Nadbrzeżny Kras Koper
57%
Savinja Celje
43%
Mura Murska Sobota
29%
Słowenia Południowo-Wschodnia Novo Mesto
14%
Goryca Nowa Gorica
14%
Primorska-Kraina Wewnętrzna Postojna
14%
Dolna Sawa Krsko
0%
Karyntia Slovenj Gradec
0%
Centralna Sawa Trbovlje
0%
Nie znaleziono quizów pasujących do podanych kryteriów
Rozkład punktacji
Procent ludzi z każdym wynikiem
Percentyl według liczby udzielonych odpowiedzi
Twoja historia wyników
Nie rozwiązałeś tego quizu